000 00736nam a22002417a 4500
001 3536
003 FISKH
005 20240318093155.0
008 240318b cb ||||| |||| 00| 0 eng d
040 _aFISK
_beng
_cFISK
_dFISK
050 _aPZ7.H389
082 _a514
100 _aHenkes Kevin
_d1960-
245 _aThe zebra wall /
_cKevin Henkes
260 _aNew York :
_bScholastic,
_c1988
300 _a147 pages :
_c20 cm
505 _aM
520 _aWhen ten-year-old Adine's mother has a new baby, eccentric Aunt Irene comes to stay and shares Adine's bedroom--an event which requires a great deal of adjustment.
521 8 _a800
_bLexile
700 _aKevin Henkes
942 _2ddc
_cBK
_n0
999 _c3536
_d3536